00000000nam##2200000za#4500
0019.663116
003CaOODSP
00520200330092116
007ta
008150407|2001||||xxc|||||     f|0| 0 fre|d
020 |a0-662-66014-5
040 |aCaOODSP|bfre
041 |aeng
041 |afre
043 |an-cn---
0861 |aEn40-644/2001
1101 |aCanada. |bEnvironnement Canada. |bService de la protection de l'environnement.
24510|aProblématique du benzène dans l'est de Montréal / |cpar André Germain, Jacques Rousseau et Tom Dann. Publié par Direction de la protection de l'environnement, région du Québec.
260 |aMontréal - Québec : |bEnvironnement Canada. |c2001.
300 |aTexte français, iv, 17p. : |bfigures, références, tableaux ; |c28 cm.
563 |aReliure à anneaux
590 |a02-31|b2002-08-02
69107|aÉvaluation environnementale|2gcpds
69107|aPollution atmosphérique|2gcpds
69107|aProduit toxique|2gcpds
7201 |aRousseau, Jacques
7201 |aGermain, André
7201 |aDann, Tom
7760#|tProblématique du benzène dans l'est de Montréal / |w(CaOODSP)9.630729
7760#|tIssues related to benzene in eastern Montreal / |w(CaOODSP)9.686241
791 |tIssues related to benzene in eastern Montreal / |eeng|w(CaOODSP)9.663115